Statistics for Countries of the World Quiz - Afrikaans

Click here to take the quiz!

General Stats

  • This quiz has been taken 213 times
  • The average score is 72 of 196

Answer Stats

Land % Correct
Australië
65%
Brasilië
63%
Kanada
62%
Nederland
58%
Peru
58%
Japan
57%
Argentinië
57%
Portugal
56%
Niger
55%
Ecuador
55%
Verenigde State van Amerika
55%
Paraguay
53%
België
53%
Bolivia
53%
Uruguay
52%
Guyana
52%
Panama
52%
Venezuela
52%
Mali
52%
Suriname
52%
Swede
51%
Finland
51%
Haïti
50%
Zimbabwe
50%
Nicaragua
50%
Botswana
50%
Viëtnam
50%
Dominika
49%
Lesotho
49%
Pakistan
49%
Suid-Afrika
49%
Togo
49%
Angola
49%
Guatemala
49%
Laos
48%
Iran
48%
Ghana
48%
Oman
48%
Afganistan
48%
Costa Rica
48%
Benin
48%
Bangladesj
48%
Bahamas
48%
Algerië
47%
Nepal
47%
Mianmar
47%
Indië
47%
El Salvador
46%
Belize
46%
Italië
46%
Sri Lanka
46%
Eritrea
46%
Honduras
46%
Kuba
46%
Israel
45%
Kazakstan
45%
Thailand
45%
Barbados
45%
Senegal
45%
Malawi
45%
Namibië
45%
Swaziland
45%
Bhoetan
45%
Jordanië
44%
Guinee-Bissau
44%
Burkina Faso
44%
Guinee
44%
Tuvalu
43%
Sint Kitts en Nevis
43%
Uganda
43%
Republiek van die Kongo
43%
Demokratiese Republiek
van die Kongo
43%
Malta
43%
Rusland
42%
Sint Vincent en die
Grenadines
42%
Burundi
42%
Sint Lucia
42%
Chili
42%
Soedan
42%
Trinidad en Tobago
42%
Rwanda
42%
Palau
41%
Nigerië
41%
Mauritius
41%
Djiboeti
41%
Irak
41%
Kameroen
41%
Indonesië
41%
Mauritanië
41%
Tadjikistan
41%
Ethiopië
41%
Taiwan
41%
Somalië
41%
Turkmenistan
41%
Bosnië-Herzegowina
40%
Tonga
40%
Antigua en Barbuda
40%
Bahrein
40%
Wit Rusland
40%
Kiribati
40%
Tunisië
39%
Luxemburg
39%
Vanuatu
38%
Sierra Leone
38%
Nauru
38%
Azerbeidjan
38%
Ivoorkus
38%
Mongolië
38%
Seychelle
38%
Suid-Korea
38%
Libië
38%
Kosovo
37%
Armenië
37%
São Tomé en Príncipe
37%
Tanzanië
37%
Duitsland
37%
Libanon
37%
Grenada
36%
Samoa
36%
Liberië
36%
Noord-Korea
36%
Georgië
36%
Jemen
36%
Madagaskar
36%
Andorra
35%
Liechtenstein
35%
Montenegro
35%
Meksiko
35%
Jamaika
35%
Papoea-Nieu-Guinee
35%
Broenei
34%
Kenia
34%
Monaco
33%
Albanië
33%
Pole
32%
Kolombië
32%
Zambië
32%
Gambië
32%
San Marino
31%
Spanje
31%
Ierland
31%
Verenigde Arabiese Emirate
31%
Marokko
30%
Verenigde Koninkryk
29%
Egipte
28%
Macedonië
28%
Sirië
28%
Katar
28%
Komore
27%
Denemarke
27%
Kaap Verde
27%
Estland
25%
Letland
25%
Frankryk
25%
Oekraïne
25%
Sjina
24%
Oesbekistan
24%
Dominikaanse Republiek
23%
Suid-Soedan
22%
Oos-Timor
22%
Marshalleilande
22%
Mikronesië
21%
Maleisië
21%
Ysland
21%
Kambodja
20%
Roemenië
20%
Mosambiek
20%
Koeweit
20%
Vatikaanstad
18%
Ciprus
18%
Switserland
18%
Sentraal-Afrikaanse Republiek
18%
Saoedi-Arabië
18%
Turkye
18%
Ekwatoriaal-Guinee
17%
Oostenryk
17%
Filippyne
16%
Griekeland
16%
Fidji
16%
Tsjad
15%
Slowakye
15%
Maledive eilande
15%
Nieu-Seeland
15%
Bulgarye
15%
Hongarye
14%
Noorweë
13%
Slowenië
13%
Singapoer
12%
Kroasië
10%
Solomonseilande
10%
Litaue
10%
Tsjeggiese Republiek
9%
Gaboen
8%
Serwië
8%
Moldowa
7%
Kirgisië
6%

Score Distribution

Percentile by Number Answered

Percent of People with Each Score

Your Score History

You have not taken this quiz